000 00958nam a2200289 4500
001 68879
003 ES-MaACL
005 20250905133304.0
007 t|
008 040715s1997 sp ||||0| spa d
020 _a84-339-1252-6
080 _a39(73)"19"
080 _a39(410)"19"
100 0 _aWolfe, Tom,
_d1931-
_9117247
245 1 3 _aLa banda de la casa de la bomba y otras crónicas de la era pop /
_cTom Wolfe ; traducción del inglés de J.M. Álvarez Flórez y Ángela Pérez.
250 _a3ª ed.
260 _aBarcelona :
_bAnagrama,
_c1997.
300 _a255 p ;
_c20 cm.
490 1 _aContraseñas ;
_v52
651 4 _aEstados Unidos-
_xUsos y costumbres.
_9173836
651 4 _aGran Bretaña-
_xUsos y costumbres.
_98765
700 1 _aÁlvarez Flórez, José Manuel.
_920809
700 1 _aPérez Gómez, Ángela
_990555
830 1 _aContraseñas ;
_v52
_9179727
852 4 _aES-MaACL
_jL-28091
999 _c68879
_d68879